|
|
|
|
| LEADER |
00000nam0a2200000 4500 |
| 001 |
343933 |
| 005 |
20231102005618.0 |
| 010 |
|
|
|a 8185185204
|
| 035 |
|
|
|a (RuTPU)RU\TPU\book\374770
|
| 090 |
|
|
|a 343933
|
| 100 |
|
|
|a 20191126d2002 km y0engy50 ba
|
| 101 |
0 |
|
|a eng
|
| 102 |
|
|
|a IN
|
| 105 |
|
|
|a a e 000zy
|
| 200 |
1 |
|
|a Academic's Dictionary of Electronics
|f Er.V. Kumar, Er. S. Mehta
|
| 205 |
|
|
|a 6th ed.
|
| 210 |
|
|
|a New Delhi
|c Academic (India) Publishers
|d 2002
|
| 215 |
|
|
|a 468 p.
|c il.
|
| 606 |
1 |
|
|a Английский язык
|x Терминологические словари
|2 stltpush
|3 (RuTPU)RU\TPU\subj\29063
|9 52475
|
| 610 |
1 |
|
|a лексика
|
| 610 |
1 |
|
|a электроника
|
| 610 |
1 |
|
|a термины
|
| 610 |
1 |
|
|a толковые словари
|
| 610 |
1 |
|
|a акронимы
|
| 610 |
1 |
|
|a аббревиатуры
|
| 686 |
|
|
|a Ш143.21-43
|v LBC/SL-A
|2 rubbk
|
| 700 |
|
1 |
|a Kumar
|b Er.V.
|g Vijay
|
| 701 |
|
1 |
|a Mehta
|b Er. S.
|g Subhash
|
| 801 |
|
1 |
|a RU
|b 63413507
|c 20191126
|
| 801 |
|
2 |
|a RU
|b 63413507
|c 20200123
|g RCR
|
| 942 |
|
|
|c BK
|